000 00504nam a22001937a 4500
001 00028964
005 20260430153535.0
008 260430b ag ||||| |||| 00| 0 spa d
020 _a1551859726
040 _bspa
_cAR-CcCEOS
080 _a641.5
090 _bKAL
100 1 _aKalenuik, Ron
_91154
245 _aRecetas Internacionales Familiares :
_bFavoritas /
_cRon Kalenuik
260 _aCanadá :
_bMagnanimity House.
300 _a480 p. ;
_c24x24 cm.
650 0 _arecetas
942 _2udc
_cBK
999 _c29017
_d29017
945 _a66467
_bMelina Rolando
_c66467
_dMelina Rolando